De Voornaamste Gevallen van der Wonderlyken Don Quichot (Record no. 2908)

MARC details
000 -CABECERA
campo de control de longitud fija 01717nam a2200337 a 4500
001 - NÚMERO DE CONTROL
campo de control BRCA_3172
005 - FECHA Y HORA DE LA ÚLTIMA TRANSACCIÓN
campo de control 20190320204139.0
008 - DATOS DE LONGITUD FIJA--INFORMACIÓN GENERAL
campo de control de longitud fija 130209s1746----gw-a---###---#000-0ddut-u
041 ## - CÓDIGO DE LENGUA
Código de lengua del texto/banda sonora o título independiente dut
044 ## - CÓDIGO DEL PAÍS DE LA ENTIDAD EDITORA/PRODUCTORA
Código MARC del país gw
084 ## - OTRO NÚMERO DE CLASIFICACIÓN
Número de clasificación 474
Número de documento/Ítem .H67
-- 1746
100 1# - ENTRADA PRINCIPAL--NOMBRE DE PERSONA
Nombre de persona Cervantes Saavedra, Miguel de
Fechas asociadas al nombre 1547-1616
9 (RLIN) 213
245 10 - MENCIÓN DE TÍTULO
Título De Voornaamste Gevallen van der Wonderlyken Don Quichot
Mención de responsabilidad, etc. Miguel de Cervantes Saavedra.
260 ## - PUBLICACIÓN, DISTRIBUCIÓN, ETC.
Lugar de publicación, distribución, etc. Hage (Alemania)
Nombre del editor, distribuidor, etc. Pieter de Hondt
Fecha de publicación, distribución, etc. 1746
300 ## - DESCRIPCIÓN FÍSICA
Extensión 1 v. (en varias paginaciones)
Otras características físicas il.
Dimensiones 42 cm.
500 ## - NOTA GENERAL
Nota general Contenido : Primera parte. Vida de Cervantes por Jacob Campo. Láminas con el texto explicativo. Texto. Segunda parte. Texto
500 ## - NOTA GENERAL
Nota general Edición : Door den Beroemden Picart den Romein. En Andere Voornaame Meesters, in XXXI Kunstplaten, na de Uitmuntende Schilderyen van Coypel. In´t Koper Gebragt. Beschreeven op Een´vryen en Vrolyken Trant, Door Jacob Campo Weyerman; en Door den Zelfden met Gedichten ter Verklaaring van Iedere Kunstprint
500 ## - NOTA GENERAL
Nota general Ejemplar igual al LO-473, pero de menor tamaño. Piel; lomera y cubiertas decoradas con dorados Lúdovik Osterc
500 ## - NOTA GENERAL
Nota general QM569
546 ## - NOTA DE LENGUA/LENGUAJE
Nota de lengua/lenguaje Texto en : holandés
650 14 - PUNTO DE ACCESO ADICIONAL DE MATERIA--TÉRMINO DE MATERIA
Término de materia o nombre geográfico como elemento de entrada Novela española
Subdivisión cronológica Época clásica, 1500-1700
9 (RLIN) 215
650 14 - PUNTO DE ACCESO ADICIONAL DE MATERIA--TÉRMINO DE MATERIA
Término de materia o nombre geográfico como elemento de entrada Literatura española
Subdivisión cronológica Época clásica, 1500-1700
9 (RLIN) 216
650 14 - PUNTO DE ACCESO ADICIONAL DE MATERIA--TÉRMINO DE MATERIA
Término de materia o nombre geográfico como elemento de entrada Novela española
Subdivisión cronológica Siglo XVII
9 (RLIN) 217
650 14 - PUNTO DE ACCESO ADICIONAL DE MATERIA--TÉRMINO DE MATERIA
Término de materia o nombre geográfico como elemento de entrada Don Quijote (Personaje ficticio)
Término indicativo de función/relación Novela
9 (RLIN) 218
700 1# - PUNTO DE ACCESO ADICIONAL--NOMBRE DE PERSONA
Nombre de persona Picart Le Romain, Bernard
Fechas asociadas al nombre 1673-1733
Término indicativo de función/relación Ilustrador
9 (RLIN) 8537
700 1# - PUNTO DE ACCESO ADICIONAL--NOMBRE DE PERSONA
Nombre de persona Campo Weyerman, Jacobo
Fechas asociadas al nombre 1677-1747
Término indicativo de función/relación Traductor
9 (RLIN) 8538
700 1# - PUNTO DE ACCESO ADICIONAL--NOMBRE DE PERSONA
Nombre de persona Coypel, Charles-Antone
Fechas asociadas al nombre 1694-1752
Término indicativo de función/relación Ilustrador
9 (RLIN) 8539
740 0# - PUNTO DE ACCESO ADICIONAL--TÍTULO RELACIONADO O ANALÍTICO NO CONTROLADO
Título relacionado o analítico no controlado El Ingenioso Hidalgo Don Quijote de la Mancha
902 ## - CATALOGADOR
Iniciales QFM
942 ## - ELEMENTOS DE PUNTO DE ACCESO ADICIONAL (KOHA)
Fuente del sistema de clasificación o colocación Library of Congress Classification
Tipo de ítem Koha Libros
Holdings
Estado de retiro Estado de pérdida Estado dañado No para préstamo Localización permanente Ubicación/localización actual Fecha de adquisición Número de inventario Total de préstamos Signatura topográfica completa Código de barras Fecha visto por última vez Precio válido a partir de Tipo de ítem Koha
El ejemplar forma parte de la colección y puede ser consultado según las políticas vigentes.       Biblioteca del Museo Franz Mayer (Rogerio Casas-Alatriste) Biblioteca del Museo Franz Mayer (Rogerio Casas-Alatriste) 13/02/2009 QM569   474 .H67 1746 (QM569) 3169 22/03/2019 22/03/2019 Libros